=LDR 00000nam 2200000 4500 =001 INLIS000000000046752 =005 20251204103605 =035 ##$$a 0010-051500000000011 =008 251204###########################0#ind## =082 ##$$a 028.5 =090 ##$$a 028.5 nus b =100 ##$$a Irwan nuswantoro =245 1#$$a bin bon dan sepeda luna /$c Irwan Nuswantoro =260 ##$$a Jakarta :$b Bumi Aksara Group,$c 2009 =300 ##$$a 23 hlm. : $b ilus ; $c 19 cm =850 ##$$a NPBMAT =020 ##$$a 978-979-010-449-5 =084 ##$$a 028.5 IRW b =990 ##$$a 0001/BPAP-NTB/20142015 =990 ##$$a 20022002 =990 ##$$a 20901757 =990 ##$$a 0001/BPAP-NTB/20142015